000 00537nam a2200205Ia 4500
003 0100
008 130303s9999 xx 000 0 und d
040 _cARRUPELIB
050 _aBX8301962.A5D238 1962
100 _aDaughters of ST. Paul
245 4 _aThe catechism of modern man
245 _ball in the words of vatican 11 and related documents
260 _aBoston
260 _bDaughters of ST. Paul
260 _C1968
300 _a803p.
300 _b 22cm.
650 _bMaking up your Mind (philosophy)
942 0 0 _03
999 _c35435
_d35435